[Event "XVII Festival Magistrale"]
[Site "Asti ITA"]
[Date "1996.10.08"]
[Round "4"]
[White "Pavasovic, Dusko"]
[Black "Arlandi, Ennio"]
[Result "1-0"]
[WhiteElo "2495"]
[BlackElo "2445"]
[PlyCount "59"]
[EventDate "1996.10.05"]

1. e4 c6 2. c4 d5 3. exd5 cxd5 4. cxd5 Nf6 5. Nc3 Nxd5 6. d4 e6 7. Nf3 Nc6 8.
Bd3 Be7 9. O-O O-O 10. Re1 Bf6 11. a3 g6 12. Bh6 Bg7 13. Bxg7 Kxg7 14. Qd2 Qd6
15. Re4 Nce7 16. Rae1 Ng8 17. Re5 Bd7 18. Ne4 Qb6 19. Nc5 Rad8 20. b4 a6 21. h4
Nc7 22. h5 Bc6 23. Ng5 Bd5 24. Nxh7 Kxh7 25. hxg6+ fxg6 26. Rh5+ Kg7 27. Bxg6
Rf6 28. Bd3 Ne8 29. Qg5+ Kf8 30. Rh8 1-0

[Event "XVII Festival Magistrale"]
[Site "Asti ITA"]
[Date "1996.10.08"]
[Round "4"]
[White "Ricca, Roberto"]
[Black "Musso, Luciano"]
[Result "1/2-1/2"]
[WhiteElo "2051"]
[BlackElo "1921"]
[PlyCount "90"]
[EventDate "1996.10.05"]

1. e4 c6 2. Nc3 d5 3. Nf3 Bg4 4. d4 e6 5. Bd3 dxe4 6. Nxe4 Nf6 7. O-O Nbd7 8.
Ng3 Bd6 9. h3 Bxf3 10. Qxf3 O-O 11. Bg5 Qa5 12. Ne4 Nxe4 13. Qxe4 g6 14. f4 Qd5
15. c4 Qxe4 16. Bxe4 Kg7 17. g4 Rfe8 18. Bg2 Rab8 19. Rae1 Nf8 20. Re2 Rbc8 21.
Bh4 h6 22. Be1 b5 23. d5 exd5 24. Rxe8 Rxe8 25. cxb5 cxb5 26. Bxd5 Bc5+ 27. Bf2
Bxf2+ 28. Kxf2 Rc8 29. Re1 Rc7 30. Kf3 Nh7 31. Bb3 Kf8 32. Re5 a6 33. h4 Nf6
34. f5 g5 35. hxg5 hxg5 36. Re3 a5 37. Rd3 a4 38. Bd1 Rc4 39. Kg3 Rc7 40. Kf3
Rc4 41. Kg3 Rc7 42. Rd4 Rc5 43. Bf3 Ke7 44. Rb4 Kd6 45. Rd4+ Ke7 1/2-1/2

[Event "XVII Festival Magistrale"]
[Site "Asti ITA"]
[Date "1996.10.08"]
[Round "4"]
[White "Trumpf, Walter"]
[Black "Mrdja, Milan"]
[Result "0-1"]
[WhiteElo "2155"]
[BlackElo "2455"]
[PlyCount "79"]
[EventDate "1996.10.05"]

1. d4 Nf6 2. Nf3 g6 3. g3 Bg7 4. Bg2 O-O 5. O-O d6 6. Nbd2 Nc6 7. c3 e5 8. dxe5
dxe5 9. Nb3 Qe7 10. Be3 Rd8 11. Qc1 Ng4 12. Bg5 f6 13. Bd2 f5 14. Bg5 Bf6 15.
h3 Bxg5 16. Qxg5 Nf6 17. Rad1 Be6 18. Nh4 Nd5 19. Qxe7 Ndxe7 20. Nf3 e4 21.
Nfd2 a5 22. Rfe1 a4 23. Nc1 Nd5 24. Nf1 a3 25. Rd2 Ne5 26. Rc2 axb2 27. Rxb2 b6
28. Ne3 Nxe3 29. fxe3 Nc4 30. Rb5 Nxe3 31. Re5 Kf7 32. g4 Kf6 33. Rb5 Nd5 34.
g5+ Kxg5 35. Bxe4 fxe4 36. c4 c6 37. cxd5 cxb5 38. dxe6 Kf6 39. Rf1+ Kxe6 40.
Rf4 0-1

[Event "XVII Festival Magistrale"]
[Site "Asti ITA"]
[Date "1996.10.09"]
[Round "5"]
[White "Bianco, Valerio"]
[Black "Venturino, Marco"]
[Result "1/2-1/2"]
[WhiteElo "2215"]
[BlackElo "2116"]
[PlyCount "34"]
[EventDate "1996.10.05"]

1. e4 c5 2. c3 e5 3. Nf3 Nc6 4. Bb5 a6 5. Bxc6 dxc6 6. O-O f6 7. Nh4 Be6 8. d3
Qd7 9. Be3 Bd6 10. Na3 b5 11. Nc2 g5 12. Nf3 Ne7 13. d4 cxd4 14. cxd4 Ng6 15.
dxe5 Nxe5 16. Nxe5 Bxe5 17. Bd4 Qc7 1/2-1/2

[Event "XVII Festival Magistrale"]
[Site "Asti ITA"]
[Date "1996.10.09"]
[Round "5"]
[White "Cantore, Alberto"]
[Black "Maccagno, Giancarlo"]
[Result "1-0"]
[WhiteElo "2045"]
[BlackElo "2205"]
[PlyCount "57"]
[EventDate "1996.10.05"]

1. Nf3 g6 2. e4 Bg7 3. d4 d6 4. Be2 Nf6 5. Nc3 O-O 6. h3 c6 7. O-O Nbd7 8. Be3
Qc7 9. a4 e5 10. dxe5 dxe5 11. Qd2 Re8 12. Rad1 Bf8 13. Bc4 Nc5 14. Ng5 Ne6 15.
Nxe6 Bxe6 16. Bxe6 Rxe6 17. Qd3 Bb4 18. Qc4 Bxc3 19. bxc3 Rc8 20. f3 a6 21. Rd2
b5 22. Qb3 Rd6 23. Rfd1 Rxd2 24. Rxd2 Qa5 25. Rd6 Qxa4 26. Rxf6 Rc7 27. Bh6
Qa1+ 28. Kh2 Qe1 29. Qe6 1-0

[Event "XVII Festival Magistrale"]
[Site "Asti ITA"]
[Date "1996.10.09"]
[Round "5"]
[White "Faraoni, Enrico"]
[Black "Vismara, Daniele"]
[Result "1/2-1/2"]
[WhiteElo "2160"]
[BlackElo "2155"]
[PlyCount "56"]
[EventDate "1996.10.05"]

1. f4 d5 2. Nf3 g6 3. g3 Bg7 4. Bg2 Nh6 5. O-O O-O 6. d3 d4 7. c3 c5 8. e4 dxe3
9. Bxe3 Qd6 10. Na3 Ng4 11. Qe2 Bf5 12. Rad1 Qe6 13. Ne5 Nxe5 14. fxe5 Bg4 15.
Bf3 Bxf3 16. Qxf3 Nc6 17. Bxc5 Qxa2 18. Nc4 Rac8 19. e6 f5 20. Bxe7 Nxe7 21.
Qxb7 Rxc4 22. Ra1 Rc7 23. Qxc7 Qxb2 24. Qxe7 Qxc3 25. Qb7 Qc5+ 26. Kh1 Bxa1 27.
Rxa1 Qe5 28. Rxa7 Qe1+ 1/2-1/2

[Event "XVII Festival Magistrale"]
[Site "Asti ITA"]
[Date "1996.10.09"]
[Round "5"]
[White "Frank, Albert"]
[Black "Capurro, Giuliano"]
[Result "1/2-1/2"]
[WhiteElo "2045"]
[BlackElo "2016"]
[PlyCount "31"]
[EventDate "1996.10.05"]

1. e4 e5 2. Nf3 Nf6 3. Nc3 Nc6 4. Bc4 Nxe4 5. O-O Nxc3 6. dxc3 Be7 7. Qd5 O-O
8. Nxe5 Nxe5 9. Qxe5 d6 10. Qh5 g6 11. Qf3 Bf6 12. Re1 c6 13. Bh6 Bg7 14. Bxg7
Kxg7 15. Rad1 d5 16. Qe3 1/2-1/2

[Event "XVII Festival Magistrale"]
[Site "Asti ITA"]
[Date "1996.10.09"]
[Round "5"]
[White "Frassati, Giovanni"]
[Black "Canelli, Daniele"]
[Result "1-0"]
[WhiteElo "1869"]
[BlackElo "2070"]
[PlyCount "79"]
[EventDate "1996.10.05"]

1. d3 d5 2. Nf3 Nc6 3. c3 e5 4. h3 Bd6 5. a4 e4 6. dxe4 dxe4 7. Nd4 Nge7 8. e3
O-O 9. Be2 a6 10. Nd2 Nxd4 11. cxd4 f5 12. Nc4 Be6 13. Bd2 Bxc4 14. Bxc4+ Kh8
15. g3 Ng6 16. Qh5 c6 17. Bc3 b5 18. Be6 Qf6 19. d5 Be5 20. Rc1 Bxc3+ 21. Rxc3
cxd5 22. Bxd5 Ne5 23. O-O Rac8 24. Rfc1 Rxc3 25. Rxc3 bxa4 26. Rc7 a3 27. Rb7
axb2 28. Qd1 Rc8 29. Kg2 h6 30. Rxb2 Nd3 31. Rb1 Rd8 32. Qb3 a5 33. Qb5 Qc3 34.
Be6 Rf8 35. h4 Qd2 36. Rf1 Qe2 37. Qxa5 Qf3+ 38. Kg1 Rf6 39. Qd8+ Kh7 40. Bg8+
1-0

[Event "XVII Festival Magistrale"]
[Site "Asti ITA"]
[Date "1996.10.09"]
[Round "5"]
[White "Mrdja, Milan"]
[Black "Fuggetta, Leonardo"]
[Result "1-0"]
[WhiteElo "2455"]
[BlackElo "2105"]
[PlyCount "66"]
[EventDate "1996.10.05"]

1. e4 g6 2. d4 d6 3. Nc3 c6 4. f4 d5 5. e5 h5 6. Nf3 Nh6 7. Be3 Bg4 8. Bd3 e6
9. O-O Nd7 10. Ne2 Bxf3 11. Rxf3 Be7 12. b3 Kf8 13. c4 Kg7 14. Kh1 Nf5 15. Bf2
Re8 16. g3 Nf8 17. h3 Nd7 18. Kg2 f6 19. cxd5 cxd5 20. g4 hxg4 21. hxg4 fxe5
22. fxe5 Nh4+ 23. Bxh4 Bxh4 24. Nf4 Nf8 25. Rh3 g5 26. Nh5+ Kh8 27. Qd2 Nh7 28.
Bxh7 Kxh7 29. Nf6+ Kg7 30. Rxh4 gxh4 31. Qg5+ Kf7 32. Qh5+ Ke7 33. Qh7+ Kf8 1-0

[Event "XVII Festival Magistrale"]
[Site "Asti ITA"]
[Date "1996.10.09"]
[Round "5"]
[White "Nurkic, Sahbaz"]
[Black "Chabanon, Jean-Luc"]
[Result "1/2-1/2"]
[WhiteElo "2405"]
[BlackElo "2435"]
[PlyCount "73"]
[EventDate "1996.10.05"]

1. e4 d6 2. d4 Nf6 3. Nc3 g6 4. f4 Bg7 5. Nf3 c5 6. dxc5 Qa5 7. Bd3 Qxc5 8. Qe2
O-O 9. Be3 Qa5 10. O-O Bg4 11. h3 Bxf3 12. Qxf3 Nc6 13. a3 Nd7 14. Bd2 Qd8 15.
Kh1 e6 16. Rad1 Qh4 17. Be1 Qe7 18. Bf2 Nb6 19. Rfe1 Nd4 20. Qe3 Rac8 21. Qc1
Nc6 22. Nb5 Na4 23. c3 Nc5 24. Bc2 Rcd8 25. Rxd6 Nxe4 26. Bxe4 Rxd6 27. Nxd6
Qxd6 28. Bxc6 Qxc6 29. Bxa7 b6 30. Qe3 Ra8 31. Bxb6 Rb8 32. Bd4 Rxb2 33. Rg1
Bxd4 34. Qxd4 Rc2 35. a4 Ra2 36. a5 Qd5 37. Qb4 1/2-1/2

[Event "XVII Festival Magistrale"]
[Site "Asti ITA"]
[Date "1996.10.09"]
[Round "5"]
[White "Rossi, Giampiero"]
[Black "Duarte, Riccardo"]
[Result "1/2-1/2"]
[WhiteElo "2105"]
[BlackElo "2005"]
[PlyCount "148"]
[EventDate "1996.10.05"]

1. d4 e6 2. c4 f5 3. Nf3 Nf6 4. g3 Be7 5. Bg2 d6 6. Nc3 O-O 7. O-O Nbd7 8. b3
Ne4 9. Bb2 Bf6 10. Qd3 Nxc3 11. Bxc3 Rb8 12. Rad1 Qe8 13. Rfe1 e5 14. Qxf5 Nb6
15. Qc2 e4 16. Nd2 e3 17. Ne4 exf2+ 18. Nxf2 Qe3 19. Rf1 Bg4 20. Qd2 Qxe2 21.
Rfe1 Qxd2 22. Rxd2 Bf5 23. Ne4 Bxe4 24. Bxe4 Nd7 25. Bb2 c6 26. Kg2 Bd8 27.
Rde2 Nf6 28. Bf3 Ba5 29. Rf1 Rfe8 30. Rff2 Be1 31. Rxe8+ Rxe8 32. Re2 Rxe2+ 33.
Bxe2 Ne4 34. Bd3 Nc3 35. a3 Nd1 36. Bc1 Bf2 37. Bf4 Bxd4 38. Bxd6 g6 39. Kf3
Nf2 40. Bc2 Kg7 41. g4 Nh3 42. Ke4 Bg1 43. Bg3 Ng5+ 44. Kf4 Ne6+ 45. Ke5 Kf7
46. b4 Bd4+ 47. Kd6 Bb2 48. c5 Bxa3 49. Bb3 Bxb4 50. Bxe6+ Kf6 51. Bc8 b6 52.
Bf2 Bxc5+ 53. Bxc5 bxc5 54. h4 c4 55. g5+ Kg7 56. Be6 c3 57. Bb3 a5 58. Ke7 c5
59. Bc2 c4 60. Ba4 Kg8 61. Kf6 Kf8 62. Ke6 Kg7 63. Kd5 Kf7 64. Bc2 Ke7 65. Kxc4
Ke6 66. Kd4 a4 67. Bxa4 Kf5 68. Bc2+ Kg4 69. Ke5 Kxh4 70. Kf6 Kh5 71. Bb3 Kh4
72. Bd1 Kg3 73. Kg7 Kf4 74. Kh6 Kf5 1/2-1/2

[Event "XVII Festival Magistrale"]
[Site "Asti ITA"]
[Date "1996.10.09"]
[Round "5"]
[White "Skembris, Spyridon"]
[Black "Efimov, Igor"]
[Result "1/2-1/2"]
[WhiteElo "2420"]
[BlackElo "2510"]
[PlyCount "160"]
[EventDate "1996.10.05"]

1. c4 e5 2. Nc3 Nc6 3. g3 Nf6 4. Bg2 Bc5 5. a3 O-O 6. b4 Be7 7. Nf3 d6 8. O-O
a5 9. b5 Nd4 10. Nxd4 exd4 11. Nd5 Nxd5 12. cxd5 Bf6 13. Rb1 Bf5 14. d3 a4 15.
Rb4 Bd7 16. Bb2 Re8 17. Bf3 Ra5 18. Rxa4 Rxb5 19. Bxd4 Bxd4 20. Rxd4 Ra5 21.
Qc1 b5 22. Qc3 Ra7 23. Rb4 Qa8 24. Rb3 Rb8 25. Rc1 Rbb7 26. e4 f6 27. Kg2 Ra4
28. h3 Qc8 29. Bg4 f5 30. exf5 Bxf5 31. Rb4 h5 32. Bxf5 Qxf5 33. Rxa4 bxa4 34.
Qd4 Qf7 35. Rc4 Rb5 36. Rxa4 Qxd5+ 37. Qxd5+ Rxd5 38. d4 Kf7 39. Ra7 Rxd4 40.
Rxc7+ Kf6 41. Ra7 h4 42. a4 hxg3 43. Kxg3 Rd3+ 44. f3 Ra3 45. a5 d5 46. a6 d4
47. Ra8 g5 48. a7 Kg7 49. Kg4 Ra5 50. Rd8 Rxa7 51. Kxg5 Ra5+ 52. Kf4 Ra4 53.
Kf5 Ra5+ 54. Kg4 Ra4 55. f4 Kf6 56. h4 Ke7 57. Rd5 Ke6 58. Re5+ Kf6 59. Re4 Rb4
60. h5 Ra4 61. h6 Ra6 62. h7 Kg7 63. Re7+ Kh8 64. Rd7 Rh6 65. Rxd4 Kxh7 66.
Rd7+ Kg8 67. Kf5 Ra6 68. Re7 Kf8 69. Re6 Ra7 70. Kg5 Kf7 71. Rb6 Ra1 72. Rb7+
Kf8 73. Rd7 Ra5+ 74. Kf6 Ra6+ 75. Ke5 Ra5+ 76. Ke6 Ra6+ 77. Rd6 Rxd6+ 78. Kxd6
Kf7 79. Ke5 Ke7 80. Kf5 Kf7 1/2-1/2

[Event "XVII Festival Magistrale"]
[Site "Asti ITA"]
[Date "1996.10.09"]
[Round "5"]
[White "Trumpf, Walter"]
[Black "Ricca, Roberto"]
[Result "1-0"]
[WhiteElo "2155"]
[BlackElo "2051"]
[PlyCount "101"]
[EventDate "1996.10.05"]

1. d4 f5 2. e4 fxe4 3. Nc3 Nf6 4. Bg5 c6 5. f3 e3 6. Bd3 Qa5 7. Bxe3 d6 8. Nge2
e5 9. O-O Be7 10. dxe5 dxe5 11. Bd2 O-O 12. Kh1 Qc7 13. Ng3 Kh8 14. Qe2 Be6 15.
Rae1 Bd6 16. Nce4 Be7 17. Ng5 Bg8 18. Nf5 Bd8 19. Qxe5 Qxe5 20. Rxe5 Nfd7 21.
Re2 Nc5 22. Bc3 Bf6 23. Bxf6 gxf6 24. Ne4 Nxd3 25. cxd3 Bxa2 26. Ned6 b6 27.
Re7 c5 28. Ra1 Nc6 29. Rxa2 Nxe7 30. Nxe7 Rad8 31. Nef5 Rd7 32. h4 Rfd8 33. Ne4
Rd5 34. g4 a5 35. Nxf6 Rxd3 36. Kg2 Rb3 37. Ne4 Rdd3 38. h5 Rb4 39. g5 Rd5 40.
Ned6 Rd2+ 41. Kg3 Kg8 42. g6 hxg6 43. hxg6 Rd1 44. Ne4 Rg1+ 45. Kf4 Rxg6 46.
Ne7+ Kf7 47. Nxg6 Kxg6 48. Ke5 a4 49. f4 Rd4 50. f5+ Kg7 51. Ra1 1-0

[Event "XVII Festival Magistrale"]
[Site "Asti ITA"]
[Date "1996.10.10"]
[Round "6"]
[White "Capurro, Giuliano"]
[Black "Bianco, Valerio"]
[Result "1/2-1/2"]
[WhiteElo "2016"]
[BlackElo "2215"]
[PlyCount "61"]
[EventDate "1996.10.05"]

1. e4 d6 2. d4 Nf6 3. Nc3 g6 4. Nf3 Bg7 5. h3 O-O 6. Be3 c6 7. Qd2 b5 8. Bd3
Nbd7 9. e5 Ne8 10. Bh6 dxe5 11. dxe5 Qc7 12. Bxg7 Nxg7 13. Qh6 f6 14. exf6 exf6
15. O-O-O Nc5 16. g4 Be6 17. Nd4 Rad8 18. Nxe6 Ngxe6 19. Rhe1 Nxd3+ 20. cxd3
Qf4+ 21. Qxf4 Nxf4 22. Re3 Rfe8 23. Ne4 Kg7 24. Kc2 Nd5 25. Rf3 a5 26. a3 Re5
27. Nc3 Nxc3 28. bxc3 Kf7 29. Re3 Rde8 30. Rde1 Rxe3 31. Rxe3 1/2-1/2

[Event "XVII Festival Magistrale"]
[Site "Asti ITA"]
[Date "1996.10.10"]
[Round "6"]
[White "Chabanon, Jean-Luc"]
[Black "Mrdja, Milan"]
[Result "1/2-1/2"]
[WhiteElo "2435"]
[BlackElo "2455"]
[PlyCount "101"]
[EventDate "1996.10.05"]

1. Nf3 Nf6 2. c4 g6 3. b4 Bg7 4. Bb2 O-O 5. g3 c6 6. Bg2 a5 7. b5 d5 8. bxc6
Nxc6 9. cxd5 Nxd5 10. Bxg7 Kxg7 11. O-O e5 12. d3 Be6 13. Qd2 f6 14. Rc1 Qe7
15. e4 Ndb4 16. a3 Na6 17. d4 exd4 18. Nxd4 Nxd4 19. Qxd4 Rac8 20. Nc3 Nc5 21.
Nd5 Bxd5 22. Qxd5 Rfd8 23. Qa2 a4 24. Qe2 Nb3 25. Rxc8 Rxc8 26. Rd1 Rc7 27. Qb5
Qxa3 28. e5 Qe7 29. Qxa4 Nc5 30. exf6+ Qxf6 31. Qb5 b6 32. h4 Rf7 33. Qe2 Re7
34. Qg4 Qc3 35. Kh2 Qf6 36. h5 Re5 37. hxg6 hxg6 38. Kg1 Re6 39. Bf3 Qf5 40.
Qxf5 gxf5 41. Rd5 Kf6 42. Kg2 Re5 43. Rd6+ Re6 44. Rd8 Ke7 45. Ra8 Kd6 46. Rf8
Ke5 47. Bh5 Rf6 48. f4+ Ke6 49. Re8+ Kd5 50. Re5+ Kd4 51. Be8 1/2-1/2

[Event "XVII Festival Magistrale"]
[Site "Asti ITA"]
[Date "1996.10.10"]
[Round "6"]
[White "Efimov, Igor"]
[Black "Mordiglia, Riccardo"]
[Result "1-0"]
[WhiteElo "2510"]
[BlackElo "2100"]
[PlyCount "153"]
[EventDate "1996.10.05"]

1. d4 b6 2. c4 e6 3. a3 Bb7 4. Nc3 f5 5. d5 Nf6 6. Nf3 Bd6 7. g3 Qe7 8. Bg2 c6
9. O-O Na6 10. dxe6 dxe6 11. Nd4 Qd7 12. Qa4 Nc5 13. Qxc6 Bxc6 14. Bxc6 Qxc6
15. Nxc6 Nb3 16. Rb1 Kd7 17. Nb4 Rac8 18. Rd1 Ke7 19. Nd3 Rxc4 20. Be3 Rhc8 21.
Nb5 Bb8 22. Nb4 a5 23. Na6 Nd5 24. Bg5+ Kf8 25. Nxb8 Rxb8 26. Nd6 Rc5 27. Rd3
a4 28. e4 fxe4 29. Nxe4 Rc2 30. Nc3 Nxc3 31. bxc3 Rc8 32. Rd6 R2xc3 33. Rxb6
R3c6 34. Rxc6 Rxc6 35. Rd1 h6 36. Rd8+ Kf7 37. Be3 Ke7 38. Ra8 Rc4 39. Kf1 Na1
40. Ke2 Nc2 41. Kd3 Nxe3 42. fxe3 Rg4 43. e4 h5 44. Ra7+ Kf8 45. Ke3 h4 46. Kf3
hxg3 47. hxg3 Rg5 48. Rxa4 Kf7 49. Ra8 Rc5 50. Kf4 Rb5 51. a4 Rc5 52. Ke3 Rc4
53. Ra5 Kf6 54. g4 Rb4 55. Kf4 e5+ 56. Rxe5 Rxa4 57. Rf5+ Ke6 58. Rb5 Ra1 59.
Kg5 Ra7 60. Kg6 Re7 61. g5 Rc7 62. Rb8 Re7 63. Rg8 Kd6 64. Rxg7 Rxe4 65. Ra7
Re1 66. Kg7 Rg1 67. g6 Ke6 68. Ra6+ Ke7 69. Kg8 Rg2 70. g7 Rh2 71. Ra1 Ke8 72.
Re1+ Kd7 73. Re4 Rh1 74. Kf7 Rf1+ 75. Kg6 Rg1+ 76. Kf6 Rf1+ 77. Kg5 1-0

[Event "XVII Festival Magistrale"]
[Site "Asti ITA"]
[Date "1996.10.10"]
[Round "6"]
[White "Frassati, Giovanni"]
[Black "Skembris, Spyridon"]
[Result "0-1"]
[WhiteElo "1869"]
[BlackElo "2420"]
[PlyCount "42"]
[EventDate "1996.10.05"]

1. e4 e5 2. Nf3 Nc6 3. c3 Nf6 4. d4 Nxe4 5. dxe5 d5 6. exd6 Bxd6 7. Bc4 O-O 8.
O-O Bg4 9. h3 Bh5 10. Be3 Qf6 11. Be2 Bxf3 12. Bxf3 Qe5 13. Re1 Qh2+ 14. Kf1
Rae8 15. Ke2 Nxf2 16. Kxf2 Bg3+ 17. Ke2 Bxe1 18. Qxe1 Rxe3+ 19. Kf2 Rxe1 20.
Kxe1 Qg1+ 21. Ke2 Qc1 0-1

[Event "XVII Festival Magistrale"]
[Site "Asti ITA"]
[Date "1996.10.10"]
[Round "6"]
[White "Fuggetta, Leonardo"]
[Black "Rossi, Giampiero"]
[Result "1/2-1/2"]
[WhiteElo "2105"]
[BlackElo "2105"]
[PlyCount "52"]
[EventDate "1996.10.05"]

1. c4 e6 2. Nc3 d5 3. d4 Nf6 4. cxd5 exd5 5. Bg5 c6 6. e3 Be7 7. Bd3 Nbd7 8.
Nf3 O-O 9. Qc2 Re8 10. O-O Nf8 11. Rab1 Ne4 12. Bxe7 Qxe7 13. Bxe4 dxe4 14. Nd2
Bf5 15. b4 a6 16. Na4 Rad8 17. Nc5 Bg6 18. Qb2 Ne6 19. Nxe6 Qxe6 20. Qb3 f6 21.
Qxe6+ Rxe6 22. a4 Be8 23. Nb3 Re7 24. Nc5 f5 25. Rfe1 g5 26. Rbd1 Rd5 1/2-1/2

[Event "XVII Festival Magistrale"]
[Site "Asti ITA"]
[Date "1996.10.10"]
[Round "6"]
[White "Krasenkow, Michal"]
[Black "Kosten, Anthony C."]
[Result "1/2-1/2"]
[WhiteElo "2605"]
[BlackElo "2525"]
[PlyCount "76"]
[EventDate "1996.10.05"]

1. c4 c5 2. Nc3 Nc6 3. g3 g6 4. Bg2 Bg7 5. a3 a6 6. Rb1 Rb8 7. b4 cxb4 8. axb4
b5 9. c5 a5 10. Ba3 axb4 11. Bxb4 Nh6 12. Nf3 O-O 13. O-O Nf5 14. g4 Nh6 15. h3
f5 16. g5 Nf7 17. d4 e6 18. Qd2 Bb7 19. h4 h6 20. gxh6 Bxh6 21. Qd3 Nxb4 22.
Rxb4 Bxf3 23. Qxf3 Qxh4 24. Nxb5 e5 25. Qh3 Qxh3 26. Bxh3 exd4 27. Rfb1 Rfc8
28. Nd6 Rxb4 29. Rxb4 Nxd6 30. cxd6 Bg7 31. Rb7 Rd8 32. Bg2 Kf7 33. Ra7 Ke6 34.
Ra8 Rxa8 35. Bxa8 Kxd6 36. Bb7 g5 37. Bc8 g4 38. Kg2 Kc7 1/2-1/2

[Event "XVII Festival Magistrale"]
[Site "Asti ITA"]
[Date "1996.10.10"]
[Round "6"]
[White "Luther, Thomas"]
[Black "Pavasovic, Dusko"]
[Result "1-0"]
[WhiteElo "2495"]
[BlackElo "2495"]
[PlyCount "88"]
[EventDate "1996.10.05"]

1. e4 c5 2. Nf3 Nc6 3. d4 cxd4 4. Nxd4 Nf6 5. Nc3 d6 6. Bg5 e6 7. Qd2 Be7 8.
O-O-O Nxd4 9. Qxd4 a6 10. h4 Bd7 11. f3 b5 12. Qd2 Qc7 13. Bd3 b4 14. Ne2 a5
15. Kb1 h6 16. Be3 e5 17. g4 d5 18. g5 dxe4 19. fxe4 Ng4 20. gxh6 gxh6 21. Ng3
Nxe3 22. Qxe3 a4 23. Qe2 Rg8 24. Bb5 O-O-O 25. Bxd7+ Rxd7 26. Nf5 Rgd8 27.
Nxe7+ Rxe7 28. Qa6+ Qb7 29. Rxd8+ Kxd8 30. Rd1+ Rd7 31. Qf6+ Kc8 32. Qh8+ Kc7
33. Qxe5+ Kb6 34. Rd6+ Rxd6 35. Qxd6+ Ka7 36. Qc5+ Ka6 37. Qc4+ Ka7 38. a3 Qe7
39. axb4 Qxh4 40. Qxf7+ Kb6 41. Qe6+ Kc7 42. b5 Qh1+ 43. Ka2 Qh5 44. e5 Qf3 1-0

[Event "XVII Festival Magistrale"]
[Site "Asti ITA"]
[Date "1996.10.10"]
[Round "6"]
[White "Maccagno, Giancarlo"]
[Black "Musso, Luciano"]
[Result "1-0"]
[WhiteElo "2205"]
[BlackElo "1921"]
[PlyCount "67"]
[EventDate "1996.10.05"]

1. e4 c6 2. d4 d5 3. e5 Bf5 4. Ne2 e6 5. Nbc3 c5 6. Be3 Nc6 7. dxc5 Nxe5 8. Nd4
Ne7 9. Ncb5 N7c6 10. Nxf5 exf5 11. Qxd5 Be7 12. O-O-O O-O 13. Qxd8 Raxd8 14.
Be2 a6 15. Nd6 Bxd6 16. Rxd6 Rc8 17. h3 Nb8 18. Rhd1 h6 19. f4 Nec6 20. a3 Rfe8
21. R1d3 Rc7 22. b4 Rce7 23. Kd2 Kh7 24. Bf3 Na7 25. c4 Nac6 26. h4 Kg8 27. Bf2
Kh8 28. Re3 Kh7 29. Rxe7 Rxe7 30. Kc3 Rc7 31. b5 axb5 32. cxb5 Na7 33. b6 Nb5+
34. Kb4 1-0

[Event "XVII Festival Magistrale"]
[Site "Asti ITA"]
[Date "1996.10.10"]
[Round "6"]
[White "Ricca, Roberto"]
[Black "Astengo, Marcello"]
[Result "1-0"]
[WhiteElo "2051"]
[BlackElo "2115"]
[PlyCount "53"]
[EventDate "1996.10.05"]

1. e4 e6 2. d4 d5 3. Nd2 Nf6 4. e5 Nfd7 5. Bd3 c5 6. c3 Nc6 7. Ngf3 Qb6 8. O-O
f6 9. Nh4 fxe5 10. Qh5+ Kd8 11. Ng6 hxg6 12. Qxh8 e4 13. dxc5 Qxc5 14. Bxe4
dxe4 15. Nxe4 Qe5 16. Ng5 Qf5 17. Qg8 Nde5 18. Nh7 Ke8 19. Bg5 Qf7 20. Qh8 b6
21. Rad1 Bb7 22. Rfe1 Nd7 23. Rd6 Nce5 24. f4 Nc4 25. Rexe6+ Qxe6 26. Rxe6+ Kf7
27. Nxf8 1-0

[Event "XVII Festival Magistrale"]
[Site "Asti ITA"]
[Date "1996.10.10"]
[Round "6"]
[White "Venturino, Marco"]
[Black "Faraoni, Enrico"]
[Result "1-0"]
[WhiteElo "2116"]
[BlackElo "2160"]
[PlyCount "55"]
[EventDate "1996.10.05"]

1. e4 g5 2. d4 h6 3. h4 g4 4. Bc4 d6 5. Nc3 Bg7 6. Nge2 Nc6 7. Be3 a6 8. a4 Nf6
9. Qd2 e6 10. Ng3 Bd7 11. Rd1 Qe7 12. Qe2 h5 13. Bg5 e5 14. Nd5 Nxd5 15. Bxe7
Ndxe7 16. d5 Nd4 17. Qd3 Bxa4 18. b3 Bd7 19. c3 Nb5 20. Ra1 O-O-O 21. O-O Ng6
22. Bxb5 Bxb5 23. c4 Bd7 24. b4 Nxh4 25. c5 Bb5 26. Qxb5 axb5 27. c6 Kb8 28.
Ra3 1-0

[Event "XVII Festival Magistrale"]
[Site "Asti ITA"]
[Date "1996.10.10"]
[Round "6"]
[White "Vismara, Daniele"]
[Black "Cantore, Alberto"]
[Result "1-0"]
[WhiteElo "2155"]
[BlackElo "2045"]
[PlyCount "49"]
[EventDate "1996.10.05"]

1. e4 c5 2. c3 d6 3. d4 Nf6 4. f3 Qc7 5. Be3 g6 6. Qd2 h5 7. Na3 a6 8. dxc5
dxc5 9. O-O-O Nc6 10. Kb1 b5 11. Bxc5 Be6 12. Qf2 Bg7 13. Nh3 Qa5 14. Ng5 Bc4
15. Bb6 Qa4 16. Bxc4 bxc4 17. Qc2 Qxc2+ 18. Kxc2 Nd7 19. Nxc4 Nxb6 20. Nxb6 Rb8
21. Nd7 Rb5 22. f4 e5 23. a4 Ra5 24. b4 Rxa4 25. Kb3 1-0

[Event "XVII Festival Magistrale"]
[Site "Asti ITA"]
[Date "1996.10.11"]
[Round "7"]
[White "Arlandi, Ennio"]
[Black "Vismara, Daniele"]
[Result "1/2-1/2"]
[WhiteElo "2445"]
[BlackElo "2155"]
[PlyCount "88"]
[EventDate "1996.10.05"]

1. e4 c6 2. d4 d5 3. Nd2 dxe4 4. Nxe4 Nd7 5. Nf3 Ngf6 6. Ng3 e6 7. Bd3 c5 8. c3
Qc7 9. Qe2 Be7 10. O-O O-O 11. Re1 b6 12. Ng5 Bb7 13. f4 Bd6 14. dxc5 Bxf4 15.
Bxf4 Qxf4 16. Nh3 Qc7 17. cxb6 axb6 18. Ne4 Ra4 19. Nhg5 h6 20. Bc2 Ra5 21.
Nxf6+ Nxf6 22. Ne4 Nxe4 23. Bxe4 Bxe4 24. Qxe4 Rd8 25. Qe2 Rdd5 26. Red1 Rh5
27. g3 Rae5 28. Qc2 Qc5+ 29. Rd4 Rhf5 30. b4 Qc7 31. Rad1 g6 32. R4d3 Qc6 33.
Rd6 Qf3 34. R6d3 Qh5 35. R3d2 Rf3 36. a4 Rfe3 37. Rf1 Re2 38. Rf2 Re1+ 39. Kg2
Qg5 40. Qd3 Rd5 41. Qf3 Rf5 42. Qd3 Rd5 43. Qf3 Rf5 44. Qd3 Rd5 1/2-1/2

[Event "XVII Festival Magistrale"]
[Site "Asti ITA"]
[Date "1996.10.11"]
[Round "7"]
[White "Bianco, Valerio"]
[Black "Frassati, Giovanni"]
[Result "1-0"]
[WhiteElo "2215"]
[BlackElo "1869"]
[PlyCount "68"]
[EventDate "1996.10.05"]

1. e4 e5 2. Nf3 Nc6 3. d4 exd4 4. Nxd4 Nge7 5. Bg5 Nxd4 6. Qxd4 Nc6 7. Qd2 Be7
8. Bxe7 Qxe7 9. Nc3 d6 10. O-O-O Be6 11. Nd5 Qd8 12. Be2 Ne7 13. Kb1 Bxd5 14.
exd5 Qd7 15. h4 O-O-O 16. Rh3 Kb8 17. Rb3 Nc8 18. g3 Nb6 19. Bb5 Qg4 20. a4 Nc4
21. Qe1 Ne5 22. Rb4 Qf5 23. a5 Nd7 24. g4 Qf6 25. Bc6 b6 26. Qe3 Nc5 27. Qa3
Nb7 28. Bxb7 Kxb7 29. Qa4 Rb8 30. Re1 Qd8 31. Qc6+ Kc8 32. Rbe4 bxa5 33. Re8
Rb6 34. Qa8+ Kd7 1-0

[Event "XVII Festival Magistrale"]
[Site "Asti ITA"]
[Date "1996.10.11"]
[Round "7"]
[White "Cantore, Alberto"]
[Black "Fuggetta, Leonardo"]
[Result "1-0"]
[WhiteElo "2045"]
[BlackElo "2105"]
[PlyCount "82"]
[EventDate "1996.10.05"]

1. Nf3 c5 2. c4 Nc6 3. e3 Nf6 4. Nc3 g6 5. b3 Bg7 6. Bb2 O-O 7. d4 cxd4 8. Nxd4
d5 9. Nxc6 bxc6 10. Bd3 Ng4 11. Be2 Qa5 12. Rc1 Nh6 13. O-O Rd8 14. Qe1 Nf5 15.
g4 d4 16. Nd5 Qxe1 17. Rfxe1 dxe3 18. Bxg7 exf2+ 19. Kxf2 cxd5 20. Be5 Nh6 21.
Bc7 Rd7 22. cxd5 Bb7 23. d6 exd6 24. Bb5 Rdd8 25. Bxd8 Rxd8 26. h3 Bd5 27. Re8+
Rxe8 28. Bxe8 Kf8 29. Bb5 a5 30. Rd1 Be6 31. Rxd6 Ke7 32. Ra6 f5 33. Ra7+ Kf6
34. Rxh7 Nf7 35. gxf5 Bxf5 36. Bc4 Ng5 37. Ra7 Nxh3+ 38. Kg3 g5 39. Rf7+ Ke5
40. Rxf5+ Kxf5 41. Kxh3 Kf4 1-0

[Event "XVII Festival Magistrale"]
[Site "Asti ITA"]
[Date "1996.10.11"]
[Round "7"]
[White "Chabanon, Jean-Luc"]
[Black "Venturino, Marco"]
[Result "1-0"]
[WhiteElo "2435"]
[BlackElo "2116"]
[PlyCount "47"]
[EventDate "1996.10.05"]

1. d4 Nf6 2. c4 e5 3. dxe5 Ng4 4. Nf3 Bc5 5. e3 Nc6 6. Be2 Ngxe5 7. Bd2 Nxf3+
8. gxf3 Qh4 9. Nc3 a5 10. Nd5 Kd8 11. Bc3 Bb4 12. Nxb4 axb4 13. Bxg7 Rg8 14.
Rg1 Ke8 15. Rg4 Qxg4 16. fxg4 Rxg7 17. a3 bxa3 18. Rxa3 Rxa3 19. bxa3 h5 20.
Qa1 Kf8 21. gxh5 Rg1+ 22. Bf1 d6 23. Qh8+ Ke7 24. Qxc8 1-0